000
00203 a2200097 4500
001
18125
100
_a
Levin, R I
245
_a
Urdu Nisab Lazmi Part II
260
_a
_b
S T B B
_c
090
_c
13419
_d
13419
942
_a
NUST-CAE
_c
M
_c
3802
999
_c
253198
_d
253198